000 00608nam a22002417a 4500
003 UA-OsUOA
001 121607
007 ta
008 20170323b un ||||| |||| 00| 0 ukr d
100 _aЭлиан
090 _a821.161.1
_bЭ46
942 _cBK
040 _aUA-OsUOA
_brus
_cUA-OsUOA
_dUA-OsUOA
245 _aПестрые рассказы
300 _a188 с.
955 _a3
041 _arus
080 _a821.161.1
591 _aДімаров А.
260 _aМ.
_bНаука
_c1964
650 7 _a82 Література. Літературознавство
_2UDC
999 _c407732
_d407732